| 000 | 00337nam a2200133Ia 4500 | ||
|---|---|---|---|
| 005 | 20251222155211.0 | ||
| 008 | 251222s9999||||xx |||||||||||||| ||spa|| | ||
| 082 | _aREL.101 | ||
| 100 | _aJ.L.IDIGORAS. | ||
| 245 | 0 | _aVocabulario Teológico desde nuestra realidad | |
| 250 | _a1ra. ed. | ||
| 264 | _bProyección Cristiana | ||
| 942 | _cLIB | ||
| 999 |
_c40312 _d40312 |
||